El quehacer de la teología: génesis. Estructura. Misión
Salvato in:
| Autore principale: | |
|---|---|
| Natura: | Libro |
| Lingua: | spagnolo |
| Pubblicazione: |
Salamanca
Sígueme
2008
|
| Edizione: | 1a. ed |
| Serie: | Verdad e Imagen, 177
|
| Soggetti: | |
| Tags: |
Aggiungi Tag
Nessun Tag, puoi essere il primo ad aggiungerne!!
|
MARC
| LEADER | 00000cam a2200000 a 4500 | ||
|---|---|---|---|
| 001 | UCC1839 | ||
| 003 | CL-VaPUC | ||
| 008 | 171201e20080000sp |||||||||||||||||spa|d | ||
| 020 | |a 9788430116850 | ||
| 082 | 0 | 4 | |a 230 |b GON |2 21 |
| 100 | 0 | |a González de Cardedal, Olegario |e author |9 495813 | |
| 245 | 1 | 3 | |a El quehacer de la teología: génesis. Estructura. Misión |
| 250 | |a 1a. ed | ||
| 300 | |a 766 p | ||
| 942 | |c BK | ||
| 945 | |d 20171201 13:56:00 |a dcastane | ||
| 260 | |a Salamanca |b Sígueme |c 2008 | ||
| 650 | 0 | |a Teología cristiana |9 308336 | |
| 650 | 0 | |a Creencia Religiosa |9 316904 | |
| 583 | |a last modification |c 20171201 13:56:00 |k Rodrigo Vera | ||
| 490 | 0 | |a Verdad e Imagen, 177 | |
| 999 | |c 370188 |d 370186 | ||
| 952 | |0 0 |1 0 |3 erd |4 0 |6 230_000000000000000_GON_2008 |7 0 |8 A |9 486518 |a BIBTEO |b BIBTEO |i 5439779 |o 230 GON 2008 |p 5439779 |r 2025-01-17 |w 2019-11-24 |y BK |z Catalogado en:20171201 |k ICR | ||